MARC details
| 000 -LEADER |
| fixed length control field |
04030cam a2200673 i 4500 |
| 001 - CONTROL NUMBER |
| control field |
on1224245910 |
| 003 - CONTROL NUMBER IDENTIFIER |
| control field |
TZ-ArACH |
| 005 - DATE AND TIME OF LATEST TRANSACTION |
| control field |
20241002135621.0 |
| 008 - FIXED-LENGTH DATA ELEMENTS--GENERAL INFORMATION |
| fixed length control field |
201123t20212021enk b 001 0 eng |
| 010 ## - LIBRARY OF CONGRESS CONTROL NUMBER |
| LC control number |
2020053247 |
| 015 ## - NATIONAL BIBLIOGRAPHY NUMBER |
| National bibliography number |
GBC141776 |
| Source |
bnb |
| 020 ## - INTERNATIONAL STANDARD BOOK NUMBER |
| International Standard Book Number |
9780367762711 |
| Qualifying information |
(paperback) |
| 020 ## - INTERNATIONAL STANDARD BOOK NUMBER |
| International Standard Book Number |
0367762714 |
| Qualifying information |
(paperback) |
| 020 ## - INTERNATIONAL STANDARD BOOK NUMBER |
| Cancelled/invalid ISBN |
9781003166207 |
| Qualifying information |
(electronic book) |
| 035 ## - SYSTEM CONTROL NUMBER |
| System control number |
(OCoLC)1224245910 |
| 040 ## - CATALOGING SOURCE |
| Original cataloging agency |
DLC |
| Language of cataloging |
eng |
| Description conventions |
rda |
| Transcribing agency |
TZ-ArACH |
| 042 ## - AUTHENTICATION CODE |
| Authentication code |
pcc |
| 043 ## - GEOGRAPHIC AREA CODE |
| Geographic area code |
e-uk-en |
| -- |
e-uk-wl |
| 049 ## - LOCAL HOLDINGS (OCLC) |
| Holding library |
TZAA |
| 050 00 - LIBRARY OF CONGRESS CALL NUMBER |
| Classification number |
K5191 |
| Item number |
.G67 2021 |
| 100 1# - MAIN ENTRY--PERSONAL NAME |
| Personal name |
Gorar, Mukaddes, |
| Relator term |
author. |
| 245 10 - TITLE STATEMENT |
| Title |
Honour based crimes and the law : |
| Remainder of title |
defining the limits of honour based violence and abuse / |
| Statement of responsibility, etc |
Mukaddes Gorar. |
| 246 1# - VARYING FORM OF TITLE |
| Title proper/short title |
Honor based crimes and the law |
| 260 ## - PUBLICATION, DISTRIBUTION, ETC. (IMPRINT) |
| Place of publication, distribution, etc |
London & New York: |
| Name of publisher, distributor, etc |
Routledge; |
| Date of publication, distribution, etc |
2021. |
| 300 ## - PHYSICAL DESCRIPTION |
| Extent |
ix, 294 pages ; |
| Dimensions |
25 cm |
| 504 ## - BIBLIOGRAPHY, ETC. NOTE |
| Bibliography, etc |
Includes bibliographical references (pages 249-292) and index. |
| 505 0# - FORMATTED CONTENTS NOTE |
| Formatted contents note |
Theoretical background -- Honour based oppression -- Female body mutilation -- Forced marriage -- Honour killing. |
| 520 ## - SUMMARY, ETC. |
| Summary, etc |
"Honour-related violence and abuse manifests itself in different forms and this book offers an exploration of this phenomenon. This book argues that the limits of honour crimes must be defined more widely so that they include conducts and behaviours that originate from the patriarchal notion of honour, such as honour-related oppression and breast ironing. The book provides a critical analysis and synthesis of the law in England and Wales and in the international human rights sphere. The relevant domestic legislation and cases are examined to reflect on whether adequate protection is provided for the victims and potential victims of honour-based violence and abuse. Since honour-based violence is a violation of human rights, the relevant international human rights law is examined to illustrate the perception of such crimes in the international arena. The effectiveness of any remedy for victims of honour-based violence and abuse depends on its capability to change deep rooted behaviours in communities with honour-related patriarchal values. This book argues that the law does not provide the effective impact required, in part due to patriarchal structures, and that more efforts should be dedicated to changes in education. It is held that there is a need for an educational programme that is especially designed to tackle violence and promote gender equality"-- |
| 650 #0 - SUBJECT ADDED ENTRY--TOPICAL TERM |
| Topical term or geographic name as entry element |
Women |
| General subdivision |
Crimes against. |
| 650 #0 - SUBJECT ADDED ENTRY--TOPICAL TERM |
| Topical term or geographic name as entry element |
Women |
| General subdivision |
Violence against. |
| 650 #0 - SUBJECT ADDED ENTRY--TOPICAL TERM |
| Topical term or geographic name as entry element |
Honor killings |
| General subdivision |
Law and legislation. |
| 650 #0 - SUBJECT ADDED ENTRY--TOPICAL TERM |
| Topical term or geographic name as entry element |
Female genital mutilation |
| General subdivision |
Law and legislation. |
| 650 #0 - SUBJECT ADDED ENTRY--TOPICAL TERM |
| Topical term or geographic name as entry element |
Women (International law) |
| 650 #0 - SUBJECT ADDED ENTRY--TOPICAL TERM |
| Topical term or geographic name as entry element |
Women |
| General subdivision |
Crimes against |
| Geographic subdivision |
England. |
| 650 #0 - SUBJECT ADDED ENTRY--TOPICAL TERM |
| Topical term or geographic name as entry element |
Women |
| General subdivision |
Crimes against |
| Geographic subdivision |
Wales. |
| 650 #0 - SUBJECT ADDED ENTRY--TOPICAL TERM |
| Topical term or geographic name as entry element |
Women |
| General subdivision |
Violence against |
| Geographic subdivision |
England. |
| 650 #0 - SUBJECT ADDED ENTRY--TOPICAL TERM |
| Topical term or geographic name as entry element |
Women |
| General subdivision |
Violence against |
| Geographic subdivision |
Wales. |
| 650 #0 - SUBJECT ADDED ENTRY--TOPICAL TERM |
| Topical term or geographic name as entry element |
Women |
| General subdivision |
Crimes against |
| Geographic subdivision |
Great Britain. |
| 650 #2 - SUBJECT ADDED ENTRY--TOPICAL TERM |
| Topical term or geographic name as entry element |
Crime Victims |
| 650 #6 - SUBJECT ADDED ENTRY--TOPICAL TERM |
| Topical term or geographic name as entry element |
Femmes |
| General subdivision |
Crimes contre. |
| 9 (RLIN) |
15539 |
| 650 #6 - SUBJECT ADDED ENTRY--TOPICAL TERM |
| Topical term or geographic name as entry element |
Femmes |
| General subdivision |
Violence envers. |
| 650 #6 - SUBJECT ADDED ENTRY--TOPICAL TERM |
| Topical term or geographic name as entry element |
Femmes (Droit international) |
| 650 #6 - SUBJECT ADDED ENTRY--TOPICAL TERM |
| Topical term or geographic name as entry element |
Femmes |
| General subdivision |
Crimes contre |
| Geographic subdivision |
Grande-Bretagne. |
| 650 #6 - SUBJECT ADDED ENTRY--TOPICAL TERM |
| Topical term or geographic name as entry element |
Femmes |
| General subdivision |
Violence envers |
| Geographic subdivision |
Grande-Bretagne. |
| 650 #6 - SUBJECT ADDED ENTRY--TOPICAL TERM |
| Topical term or geographic name as entry element |
Femmes |
| General subdivision |
Crimes contre |
| Geographic subdivision |
Angleterre. |
| 650 #6 - SUBJECT ADDED ENTRY--TOPICAL TERM |
| Topical term or geographic name as entry element |
Femmes |
| General subdivision |
Crimes contre |
| Geographic subdivision |
Pays de Galles. |
| 650 #6 - SUBJECT ADDED ENTRY--TOPICAL TERM |
| Topical term or geographic name as entry element |
Femmes |
| General subdivision |
Violence envers |
| Geographic subdivision |
Angleterre. |
| 650 #6 - SUBJECT ADDED ENTRY--TOPICAL TERM |
| Topical term or geographic name as entry element |
Femmes |
| General subdivision |
Violence envers |
| Geographic subdivision |
Pays de Galles. |
| 650 #7 - SUBJECT ADDED ENTRY--TOPICAL TERM |
| Topical term or geographic name as entry element |
Female genital mutilation |
| General subdivision |
Law and legislation |
| Source of heading or term |
fast |
| 650 #7 - SUBJECT ADDED ENTRY--TOPICAL TERM |
| Topical term or geographic name as entry element |
Honor killings |
| General subdivision |
Law and legislation |
| Source of heading or term |
fast |
| 650 #7 - SUBJECT ADDED ENTRY--TOPICAL TERM |
| Topical term or geographic name as entry element |
Women |
| General subdivision |
Crimes against |
| Source of heading or term |
fast |
| 650 #7 - SUBJECT ADDED ENTRY--TOPICAL TERM |
| Topical term or geographic name as entry element |
Women |
| General subdivision |
Violence against |
| Source of heading or term |
fast |
| 650 #7 - SUBJECT ADDED ENTRY--TOPICAL TERM |
| Topical term or geographic name as entry element |
Women (International law) |
| Source of heading or term |
fast |
| 651 #7 - SUBJECT ADDED ENTRY--GEOGRAPHIC NAME |
| Geographic name |
Wales |
| Source of heading or term |
fast |
| 651 #7 - SUBJECT ADDED ENTRY--GEOGRAPHIC NAME |
| Geographic name |
England |
| Source of heading or term |
fast |
| 9 (RLIN) |
14506 |
| 651 #7 - SUBJECT ADDED ENTRY--GEOGRAPHIC NAME |
| Geographic name |
Great Britain |
| Source of heading or term |
fast |
| 776 08 - ADDITIONAL PHYSICAL FORM ENTRY |
| Display text |
Online version: |
| Main entry heading |
Gorar, Mukaddes. |
| Title |
Honour based crimes and the law. |
| Place, publisher, and date of publication |
London ; New York : Routledge, Taylor & Francis Group, 2021 |
| International Standard Book Number |
9781003166207 |
| Record control number |
(DLC) 2020053248 |
| -- |
(OCoLC)1225193473 |
| 942 ## - ADDED ENTRY ELEMENTS (KOHA) |
| Source of classification or shelving scheme |
Library of Congress Classification |
| Koha item type |
Books |